000 00658nam a2200181 i 4500
001 99835
003 ES-MaACL
005 20230906182549.0
007 t|
008 050919s1956 sp ||||1| spa d
100 1 _aMartínez Morellá, Vicente.
_978260
245 1 0 _aHeráldica municipal de la provincia de Alicante /
_cVicente Martínez Morellá.
260 _aAlicante :
_bComisión Provincial de Monumentos Históricos y Artísticos,
_c1956.
300 _a15 p. ;
_c21 cm.
650 4 _aHeráldica-
_zAlicante.
_9157725
710 2 _aComisión Provincial de Monumentos Históricos y Artísticos (Alicante)
_93061
852 _aES-MaACL
_j1993-F-16
_bR.38378
999 _c99835
_d99835